La mirada imantada : (Registro nro. 13512)

Detalles MARC
000 -LIDER
fixed length control field 01120nam a22002777a 4500
003 - IDENTIFICACDOR DE NÚMERO DE CONTROL
control field DO-SdBNP
005 - DATE AND TIME OF LATEST TRANSACTION
control field 20230505080120.0
008 - ELEMENTOS DE LONGITUD FIJA
fixed length control field 210518b2014 dr |||| 00| 0 spa d
020 ## - ISBN
International Standard Book Number 9789945443622
040 ## - FUENTE DE CATALOGACIÓN
Agencia que crea de manera original el registro BPMSU
Idioma de catalogación spa
Agencia que realiza la transcripción BPMSU
082 #4 - NÚMERO DE CLASIFICACIÓN DECIMAL DE DEWEY
Classification number RD861.08
Item number G633m 2014
Edition number 22
100 1# - ASIENTO PRINCIPAL -- NOMBRE PERSONAL
Nombre personal Gómez Rosa, Alexis,
Fechas asociadas con el nombre 1950 - 2019
245 #3 - MENCIÓN DE TITULO
Título La mirada imantada :
Subtítulo antología poética /
Mención de responsabilidad Alexis Gómez Rosa ;coordinación de la edición José Alcántara Almánzar y Elvis Soto
260 ## - PUBLICACIÓN, DISTRIBUCIÓN, ETC. (PIE DE IMPRENTA)
Lugar de publicación, distribución, etc Santo Domingo :
Nombre del editor, distribuidor, etc. Banco Central de la República Dominicana,
Fecha de publicación, distribución, etc 2014
300 ## - DESCRIPCIÓN FÍSICA
Extensión 317 p. ;
Dimensiones 23 cm
490 0# - MENCIÓN DE SERIES
Mención de serie Banco Central de la República Dominicana ;
-- Arte y literatura
Volume/sequential designation 203/70
500 ## - NOTA GENERAL
Nota general Incluye datos biográficos del autor en la solapa de la cubierta
500 ## - NOTA GENERAL
Nota general Incluye referencias bibliográficas y notas al pie de las páginas
590 ## - NOTA LOCAL
Enlace Inventariado, 2023/VM
650 #4 - ENCABEZAMIENTO DE MATERIA--TEMÁTICO
Término temático o nombre geográfico como elemento de entrada Poesía dominicana
Subdivisión de forma Colecciones
650 #4 - ENCABEZAMIENTO DE MATERIA--TEMÁTICO
Término temático o nombre geográfico como elemento de entrada Literatura dominicana
700 1# - ASIENTO SECUNDARIO -- NOMBRE PERSONAL
Nombre personal Alcántara Almánzar, José
Mención de responsabilidad ed.
700 1# - ASIENTO SECUNDARIO -- NOMBRE PERSONAL
Nombre personal Soto, Elvis
Mención de responsabilidad ed,
910 ## - VALIDACIÓN
Validación Mcabrera/Vmateo / Control de calidad (BPMSU)
942 ## - ADDED ENTRY ELEMENTS (KOHA)
Source of classification or shelving scheme Dewey Decimal Classification
Koha item type Libros
Existencias
Withdrawn status Lost status Source of classification or shelving scheme Damaged status Not for loan Home library Current library Date acquired Total Checkouts Full call number Barcode Date last seen Price effective from Koha item type
    Dewey Decimal Classification     Biblioteca Pública Metropolitana Salomé Ureña Biblioteca Pública Metropolitana Salomé Ureña 02/20/2023   BPMSU CD RD861.08 G633m 2014 BPMSU23020009 02/20/2023 02/20/2023 Libros